<?xml version="1.0" encoding="UTF-8"?>
<record
    xmlns:xsi="http://www.w3.org/2001/XMLSchema-instance"
    xsi:schemaLocation="http://www.loc.gov/MARC21/slim http://www.loc.gov/standards/marcxml/schema/MARC21slim.xsd"
    xmlns="http://www.loc.gov/MARC21/slim">

  <leader>01370nam a22002417a 4500</leader>
  <controlfield tag="005">20211013095635.0</controlfield>
  <controlfield tag="008">211013b           ||||| |||| 00| 0 eng d</controlfield>
  <datafield tag="020" ind1=" " ind2=" ">
    <subfield code="a">8170491525</subfield>
  </datafield>
  <datafield tag="040" ind1=" " ind2=" ">
    <subfield code="c">Aloy</subfield>
  </datafield>
  <datafield tag="041" ind1=" " ind2=" ">
    <subfield code="a">Eng</subfield>
  </datafield>
  <datafield tag="082" ind1=" " ind2=" ">
    <subfield code="2">23</subfield>
    <subfield code="a">327.0954</subfield>
    <subfield code="b">RANI</subfield>
  </datafield>
  <datafield tag="100" ind1=" " ind2=" ">
    <subfield code="a">Kishan S Rana</subfield>
    <subfield code="9">1290</subfield>
  </datafield>
  <datafield tag="245" ind1=" " ind2=" ">
    <subfield code="a">Inside diplomacy</subfield>
  </datafield>
  <datafield tag="260" ind1=" " ind2=" ">
    <subfield code="a">New Delhi</subfield>
    <subfield code="b">Manas Publications</subfield>
    <subfield code="c">2000</subfield>
  </datafield>
  <datafield tag="300" ind1=" " ind2=" ">
    <subfield code="a">477p.</subfield>
    <subfield code="b">PB</subfield>
    <subfield code="c">22x14cm.</subfield>
  </datafield>
  <datafield tag="365" ind1=" " ind2=" ">
    <subfield code="b">&#x20B9;450.00</subfield>
    <subfield code="c">&#x20B9;</subfield>
    <subfield code="d">&#x20B9;450.00</subfield>
  </datafield>
  <datafield tag="520" ind1=" " ind2=" ">
    <subfield code="a">The book deals with the functional dynamics, and the operational mechanics of the Indian Foreign Office from its inception to date.It has filled the gap in information about the implementation of India's foreign policy by providing a detailed analysis of the procedures and functional dynamics of the Ministry of External Affairs. No book in the past, to the best of one's knowledge, has made such a thorough study of MEA and its operations at so many levels as Inside Diplomacy. Many truths are told that should embarrass the Ministry; many revelations are made, that come as shocking surprise to the public... The book abounds in stories, some amusing,some shocking but almost all highly educative.</subfield>
  </datafield>
  <datafield tag="650" ind1=" " ind2=" ">
    <subfield code="a"> Diplomacy</subfield>
    <subfield code="9">1291</subfield>
  </datafield>
  <datafield tag="650" ind1=" " ind2=" ">
    <subfield code="a"> Diplomatic and consular service East Indian</subfield>
    <subfield code="9">1292</subfield>
  </datafield>
  <datafield tag="650" ind1=" " ind2=" ">
    <subfield code="a"> India -- Foreign relations</subfield>
    <subfield code="9">1293</subfield>
  </datafield>
  <datafield tag="700" ind1=" " ind2=" ">
    <subfield code="a">RANA (Kishan S)</subfield>
    <subfield code="9">1294</subfield>
  </datafield>
  <datafield tag="942" ind1=" " ind2=" ">
    <subfield code="2">ddc</subfield>
    <subfield code="c">GF</subfield>
  </datafield>
  <datafield tag="999" ind1=" " ind2=" ">
    <subfield code="c">216600</subfield>
    <subfield code="d">216600</subfield>
  </datafield>
  <datafield tag="952" ind1=" " ind2=" ">
    <subfield code="0">0</subfield>
    <subfield code="1">0</subfield>
    <subfield code="2">ddc</subfield>
    <subfield code="4">0</subfield>
    <subfield code="7">0</subfield>
    <subfield code="8">PS</subfield>
    <subfield code="a">AL</subfield>
    <subfield code="b">AL</subfield>
    <subfield code="d">2013-03-24</subfield>
    <subfield code="l">0</subfield>
    <subfield code="o">327.0954 RANI</subfield>
    <subfield code="p">GF01459</subfield>
    <subfield code="r">2021-10-13 00:00:00</subfield>
    <subfield code="v">450.00</subfield>
    <subfield code="w">2021-10-13</subfield>
    <subfield code="y">GF</subfield>
  </datafield>
</record>
